| 000 | 00911nam0a22002651 4500 | ||
|---|---|---|---|
| 001 | rc\2846554 | ||
| 005 | 20250529203723.0 | ||
| 035 | _a(NLR Aleph) 007002360 | ||
| 090 |
_a5733844 _c5733844 |
||
| 100 | _a20110701d1931 |||y0rusy50 ca | ||
| 101 | 0 | _arus | |
| 102 | _aRU | ||
| 105 | _ay z ||||| | ||
| 200 | 1 |
_aВраг своей тени _eТретья книга стихов. (1928-1931 г.) _fНиколай Панов (Туманный) |
|
| 210 |
_aМосква _cФедерация _d1931 _gтип. "Искра революции" |
||
| 215 |
_a48 с. _d17х13 см |
||
| 300 | _aНа обл. подзагол.: "Новеллы" | ||
| 300 | _aОбл.: Б. Титов | ||
| 700 | 1 |
_aПанов _bН.Н. _f1903-1973 _gНиколай Николаевич |
|
| 702 | 1 |
_aТитов _bБ. _4570 |
|
| 801 | 0 |
_aRU _bNLR _gpsbo |
|
| 801 | 1 |
_aRU _bELAR _2rusmarc |
|
| 852 |
_aNLR _j32-8/615 |
||
| 942 | _cBOOK | ||
| 980 | _aNB | ||